00565nam a2200145Ia 4500008004100000020001800041041000800059082003100067100003700098245004600135260003500181300001000216999001900226952017400245230411s9999 xx 000 0 und d a0-323-03927-8 aeng aS/610.73677/ROT/MCE/B05551 aMcewwn D & Rothrock Jane9178596 aAlexanders Care Of The Patient In Surgery bMosby ElsevieraMissouric2007 a1247p c156072d156072 001040708SaBTINbBTINd2008-12-30eA.D.Kansara Pune.g4641.42i159l0oS 610.73677 ROT MCE B05551pBTIN-BK-5551r2023-04-11 00:00:00v3481.00w2008-12-30yBKzB05551